Statistics for 1952 year quiz

Click here to take the quiz!

General Stats

  • This quiz has been taken 33 times
  • The average score is 7 of 10

Answer Stats

HintAnswer% Correct
This girl's diary is published seven years after her murderAnne Frank
97%
Scientists theorise that the universe may have started with thisBig Bang
87%
Gene Kelly gets wet in this hit musicalSingin' in the Rain
84%
A coup replaces King Farouk in this countryEgypt
74%
This great writer pens his last major work about a Cuban fishermanErnest Hemingway
74%
Charlie Chaplin is banned from the US by this paranoid senatorJoseph McCarthy
71%
The US takes nuclear weapons a step further, developing thisHydrogen bomb
61%
World's biggest general election ends in this newly independent stateIndia
55%
Surgeons first successfully separate theseConjoined twins
52%
These make-your-own face toys hit shelvesMr Potato Head
45%

Score Distribution

Percentile by Number Answered

Percent of People with Each Score

Your Score History

You have not taken this quiz